Every Ye (Kanye) Album with Images - Statistics

General Stats
  • This quiz has been taken 21 times
  • The average score is 32 of 58
Answer Stats
Picture Answer % Correct
Late Registration
100%
808’s And Heartbreak
94%
Donda
94%
DONDA 2
94%
JESUS IS KING
94%
KIDS SEE GHOSTS
94%
My Beautiful Dark Twisted Fantasy
94%
The College Dropout
94%
Vultures 2
94%
Watch The Throne
94%
ye
94%
Graduation
89%
The Life Of Pablo
89%
Vultures 1
89%
Yeezus
89%
BULLY
83%
Good Ass Job
78%
Good Ass Job
78%
Cruel Summer
72%
GOOD Fridays
72%
Vultures 3
72%
Yandhi
72%
Cruel Winter
67%
Late Orchestration
67%
Swish
67%
Waves
67%
Yeezus 2
67%
Get Well Soon…
61%
I’m Good…
61%
Cant Tell Me Nothing
56%
Chiraq
56%
IN A PERFECT WORLD
56%
JESUS IS KING: The Dr. Dre Version
56%
WAR
56%
LOVE EVERYONE
50%
Thank God For Drugs
44%
Welcome to Kanye’s Soul Mix Show
44%
CUCK
39%
DONDA: WITH CHILD
39%
God’s Country
39%
GOOD Fridays 2
39%
Wolves
39%
Kon The Louis Vuitton Don
33%
So Help Me God
33%
VH1 Storytellers
33%
Bad ***** Play Book
22%
CARTI YE
22%
Yebu
22%
Turbo Grafx 16
17%
KIDS SEE GHOSTS II
11%
Watch The Throne II
11%
Dear Donda
6%
Donda Deluxe
6%
Watch The Throne Deluxe
6%
Winter Spring Summer Fall
6%
808’s An Heartbreak Live At The Hollywood Bowl
0%
Donda (Pico Pio Sessions)
0%
Vultures 2 Deluxe
0%
No matching quizzes found
Score Distribution
Percent of People with Each Score
Percentile by Number Answered
Your Score History
You have not taken this quiz